000 00805nam a22002537a 4500
003 CHAP
005 20220329140240.0
008 971013s r 00010 d
010 _a49223
011 _a50195
035 _a54345
040 _cCHAP
090 _aR-1459
100 0 0 _aVez, A.
_9119027
245 _aReduction ou suppression des facons culturales รก la suite de l'application de desherbants dans la cultre de la pomme de terre
500 _aSobretiro de: Agriculture romande. Ser. A. 7(6):69-74, 1968
590 _aBATCH-UPD
_b10
_c20130110
_lUCH01
_h0635
590 _aCONVERSION
_b10
_c20130109
_lUCH01
_h1327
650 1 4 _aHerbicidas.
_953691
650 1 4 _aPapa
_xMalas hierbas
_xControl.
_985258
901 _aBK
942 _cREIMP
949 _aR-1459
_bBC
_cR
_d-119982
_eTS1
_i54345
_si
999 _c49223
_d49223